| 000 | 02475nam2a2200289 4500 | ||
|---|---|---|---|
| 001 | RU\NLR\BIBL_A\012366726 | ||
| 005 | 20201112152744.0 | ||
| 010 |
_a978-5-6041877-9-1 _9500 |
||
| 021 |
_aRU _bКН-П-20-031642 _9КН-П-20-2426 |
||
| 021 |
_aRU _bКН-П-20-031642 _9КН-П-20-3925 |
||
| 035 | _a(NLR Aleph) 012366726 | ||
| 035 | _a(RuMoRGB)010347990 | ||
| 090 |
_a11556288 _c11556288 |
||
| 100 | _a20200930d2020 um y0rusy50 ca | ||
| 101 | 0 | _arus | |
| 102 | _aRU | ||
| 105 | _aac||z|||000ay | ||
| 200 | 0 |
_aЧ. 2 _f..., Автономная некоммерческая профессиональная образовательная организация "Дальневосточный центр непрерывного образования", Академический колледж АНПОО "ДВЦНО" г. Владивостока _g[сост. В.П. Краснобаева] |
|
| 210 | _d2020 | ||
| 215 |
_a53 с. _cил., цв. ил., портр. |
||
| 327 | 1 | _aСодерж.: разд.: Рассказы о животных. Рисуем животных песком | |
| 461 | 0 |
_1001RU\NLR\BIBL_A\012325970 _12001#$aДети пишут книгу$iРассказы, стихи и сказки о животных$e[сборник]$fАвтономная некоммерческая организация дополнительного профессионального образования "Сибирский институт практической психологии, педагогики и социальной работы"$g[сост.: Е.В. Быкова, канд. пед. наук, доцент Е.Л. Сорокина$gредакционная коллегия: Елинская Янина Алексеевна]$vЧ. 2 _911446475 _cНовосибирск _d2020 _fАвтономная некоммерческая организация дополнительного профессионального образования "Сибирский институт практической психологии, педагогики и социальной работы" _iРассказы, стихи и сказки о животных _nИзд-во АНО ДПО "СИПППИСР" _o[сборник] _tДети пишут книгу _vЧ. 2 |
|
| 702 | 1 |
_aКраснобаева _bВ. П. _gВалентина Павловна _4220 |
|
| 942 | _cBOOK | ||
| 980 | _aNB | ||